000 00774nam a2200217 i 4500
001 102274
003 ES-MaACL
005 20231227062632.0
007 t|
008 051107s1962 sp ||||1| spa d
100 1 _aMenéndez Pidal, Ramón,
_d1869-1968
_980315
245 1 3 _aEl dialecto leonés /
_cRamón Menéndez Pidal; prólogo, notas y apéndice de Carmen Bobes.
260 _aOviedo :
_b[s.n.],
_c1962 (
_fImp. La Cruz)
300 _a189 p. ;
_c22 cm.
500 _aPrecede al tít.: Diputación de Oviedo- Instituto de Estudios Asturianos.
650 4 _aDialecto leonés.
_9163592
700 0 _aBobes Naves, María del Carmen.
_929647
710 2 _aInstituto de Estudios Asturianos.
_94889
852 _aES-MaACL
_jC-21990
_bR.50760
999 _c102274
_d102274